Countries With Astronauts - Statistics

General Stats
  • This quiz has been taken 72 times
  • The average score is 33 of 43
Answer Stats
Year Country % Correct
1961 Russia
97%
2003 China
95%
1961 United States
95%
1984 India
94%
1985 Mexico
94%
1991 United Kingdom
94%
1984 Canada
92%
1982 France
91%
1990 Japan
91%
2008 South Korea
88%
2021 Australia
86%
2006 Brazil
86%
1992 Italy
86%
1978 Poland
86%
1998 Spain
86%
2006 Sweden
84%
2006 Iran
81%
2002 South Africa
81%
2003 Israel
80%
1991 Austria
78%
2015 Denmark
77%
2022 Egypt
77%
2022 Portugal
77%
1985 Saudi Arabia
77%
1985 Netherlands
75%
2024 Turkey
75%
1992 Belgium
73%
2023 Pakistan
73%
1981 Romania
73%
1979 Bulgaria
70%
1980 Hungary
70%
1997 Ukraine
70%
2019 United Arab Emirates
70%
1980 Vietnam
69%
1980 Cuba
67%
1992 Switzerland
67%
2015 Kazakhstan
64%
1999 Slovakia
59%
1981 Mongolia
53%
1987 Syria
45%
2007 Malaysia
44%
1988 Afghanistan
42%
2023 Antigua & Barbuda
19%
No matching quizzes found
Score Distribution
Percent of People with Each Score
Percentile by Number Answered
Your Score History
You have not taken this quiz